Library Banner

Cultural psychology/ (Record no. 86414)

MARC details
000 -LEADER
fixed length control field 00474nam a2200193Ia 4500
001 - CONTROL NUMBER
control field 73305
008 - FIXED-LENGTH DATA ELEMENTS--GENERAL INFORMATION
fixed length control field 160622s9999||||xx |||||||||||||| ||und||
020 ## - INTERNATIONAL STANDARD BOOK NUMBER
International Standard Book Number 9780393283709
040 ## - CATALOGING SOURCE
Transcribing agency PK-LaUMT
082 ## - DEWEY DECIMAL CLASSIFICATION NUMBER
Classification number 155.82
Item number HEI-C
100 ## - MAIN ENTRY--PERSONAL NAME
Personal name Heine, Steven J.
245 ## - TITLE STATEMENT
Title Cultural psychology/
Statement of responsibility, etc Heine, Steven J.
250 ## - EDITION STATEMENT
Edition statement 3rd
260 ## - PUBLICATION, DISTRIBUTION, ETC. (IMPRINT)
Place of publication, distribution, etc New York,USA:
Name of publisher, distributor, etc W. W. Norton & Company,
Date of publication, distribution, etc 2016
300 ## - PHYSICAL DESCRIPTION
Extent 591 p.
546 ## - LANGUAGE NOTE
Language note EN
650 ## - SUBJECT ADDED ENTRY--TOPICAL TERM
Topical term or geographic name as entry element Ethnopsychology
942 ## - ADDED ENTRY ELEMENTS (KOHA)
Koha item type Books
Holdings
Withdrawn status Lost status Damaged status Not for loan Home library Current library Date acquired Total Checkouts Full call number Barcode Date last seen Date checked out Price effective from Koha item type
        UMT Main Campus UMT Main Campus 2016-06-21 4 155.82 HEI-C 100251 2022-02-09 2021-10-12 2016-06-22 Books